000
00310nam a2200133Ia 4500
100
_a
Montgomery/ Douglas/ C.
942
_c
BK
654
_a
statistical
245
_a
Introduction to statistical quality control
260
_b
John Wiley
_c
2001
082
_a
658.562
_b
MON
300
_a
795
546
_a
ENGLISH
999
_c
31347
_d
31347